000
00332 a2200133 4500
000
nam a22 7a 4500
100
_a
Kumar R.P
110
_a
Kumar R.P
245
_a
Collaborative Intelligence :Building smarter Libraries Together
250
_a
Latest Edition
260
_b
Daya
_c
2026
264
_b
Daya
_c
2026
942
_c
BK
999
_c
397237
_d
397237